| 000 | 00742nam a22002177a 4500 | ||
|---|---|---|---|
| 999 |
_c13872 _d13872 |
||
| 003 | AR-CdUCM | ||
| 008 | 190416b ||||| |||| 00| 0 spa d | ||
| 020 | _a958-04-6704-X | ||
| 040 |
_aMUNICIPALIDAD PROVINCIAL DEL CUSCO _cBIBLIOTECA MUNICIPAL DEL CUSCO |
||
| 082 |
_aEP / 803 / _bES82 |
||
| 100 |
_aEslava, Jorge. _925304 |
||
| 245 | _aCuentos horribles / | ||
| 260 |
_aColombia : _bGrupo editorial Norma, _c2002. |
||
| 300 |
_a62 paginas ; _c19 cm. |
||
| 440 |
_aColección torre de pape azul. _932472 |
||
| 505 | _aContenido :Las momias duermen en los árboles -- La cocina del diablo -- El viaje del tren fantasma ... | ||
| 650 |
_aCuentos _9217 |
||
| 650 |
_aHistorietas _910786 |
||
| 942 |
_2ddc _cLIBROS |
||
| 945 |
_arum _d2019-04-16 |
||